What shall we name the baby? / (Record no. 5400)

MARC details
000 -LEADER
fixed length control field 00755nam a2200253 a 4500
001 - CONTROL NUMBER
control field 539329
003 - CONTROL NUMBER IDENTIFIER
control field GBCCL
005 - DATE AND TIME OF LATEST TRANSACTION
control field 20241126110540.0
008 - FIXED-LENGTH DATA ELEMENTS--GENERAL INFORMATION
fixed length control field 870625s1987 nbu 000 0deng
010 ## -
-- 87151378
020 ## - INTERNATIONAL STANDARD BOOK NUMBER
International Standard Book Number 0847465160 (pbk.) :
Terms of availability $2.25
040 ## - CATALOGING SOURCE
Original cataloging agency DLC
Transcribing agency DLC
Modifying agency DLC
050 00 -
-- BS435
-- .W44 1987
082 00 - DEWEY DECIMAL CLASSIFICATION NUMBER
Classification number 929.440882
Edition information 19
Item number WIE
100 1# - MAIN ENTRY--PERSONAL NAME
Personal name Wiersbe, Warren W.
9 (RLIN) 623
245 10 - TITLE STATEMENT
Title What shall we name the baby? /
Statement of responsibility, etc. by Warren W. Wiersbe.
260 ## - PUBLICATION, DISTRIBUTION, ETC.
Place of publication, distribution, etc. Lincoln, Neb. :
Name of publisher, distributor, etc. Back to the Bible,
Date of publication, distribution, etc. c1987.
300 ## - PHYSICAL DESCRIPTION
Extent 147 p. ;
Dimensions 18 cm.
650 #0 - SUBJECT ADDED ENTRY--TOPICAL TERM
Topical term or geographic name entry element Names in the Bible.
9 (RLIN) 6293
650 #0 - SUBJECT ADDED ENTRY--TOPICAL TERM
Topical term or geographic name entry element Names, Personal.
9 (RLIN) 9704
906 ## - LOCAL DATA ELEMENT F, LDF (RLIN)
a 7
b cbc
c orignew
d 3
e ncip
f 19
g y-gencatlg
942 ## - ADDED ENTRY ELEMENTS (KOHA)
Source of classification or shelving scheme Dewey Decimal Classification
Koha item type Books
Koha issues (borrowed), all copies 1
Holdings
Withdrawn status Lost status Source of classification or shelving scheme Damaged status Not for loan Home library Current Library Shelving location Date acquired Total checkouts Full call number Barcode Date last seen Date last checked out Copy number Price effective from Koha item type
    Dewey Decimal Classification     GRACE BIBLE COLLEGE GRACE BIBLE COLLEGE General Studies 2018-03-16 1 929.440882 WIE 004762 2025-05-01 2024-08-27 c.1 2018-03-16 Books
© Grace Bible College Library 2025